[Event "TUR-ch (Women)"]
[Site "Antalya"]
[Date "2018.03.07"]
[Round "5"]
[White "Kasab, Esragul"]
[Black "Belek, Tugce"]
[Result "0-1"]
[WhiteElo "1277"]
[BlackElo "1257"]
[PlyCount "84"]
[EventDate "2018.03.05"]
[EventType "swiss"]
[EventRounds "9"]
[EventCountry "TUR"]
[SourceTitle "CBM 183 Extra"]
[Source "ChessBase"]
[SourceDate "2018.04.19"]
[SourceVersion "1"]
[SourceVersionDate "2018.04.19"]
[SourceQuality "1"]

1. e4 e6 2. Nf3 d5 3. Nc3 c5 4. exd5 exd5 5. Qe2+ Be7 6. Qb5+ Nc6 7. Ne5 a6 8. Qb3 Nxe5 9. Nxd5 Be6 10. c4 Nf6 11. Nxf6+ Bxf6 12. Qxb7 Nxc4 13. Bxc4 Bxc4 14. Qe4+ Be6 15. Qc6+ Bd7 16. Qxc5 Rc8 17. Qe3+ Be6 18. d3 0-0 19. 0-0 Re8 20. Bd2 Bd5 21. Qg3 Re6 22. Rac1 Rxc1 23. Rxc1 Bxb2 24. Rc2 Qe8 25. f3 Be5 26. Qf2 Bf4 27. Kf1 Bxh2 28. Qc5 Bc6 29. d4 Bb5+ 30. Kf2 Re2+ 31. Kf1 Re5+ 32. Qc4 Bxc4+ 33. Rxc4 Bg3 34. dxe5 h5 35. Bf4 Bxf4 36. Rxf4 Qxe5 37. Re4 Qa1+ 38. Kf2 Qxa2+ 39. Kg3 a5 40. Kh4 Qxg2 41. Ra4 Qxf3 42. Rxa5 Qg4# 0-1